الإنسان الكامل : (Record no. 8054)
[ view plain ]
| 000 -الفاتح | |
|---|---|
| حقل البيانات ثابتة الطول | 00776nac a22001691u 4500 |
| 008 - عناصر البيانات ثابتة الطول - معلومات عامة | |
| حقل البيانات ثابتة الطول | 101025s1987 xxu||||| |||| 00| 0 ara d |
| 082 ## - رقم تصنيف ديوى العشرى | |
| رقم التصنيف | 189 |
| رقم المادة | ع ر ا |
| 100 1# - المدخل الرئيسى - إسم شخصى | |
| الإسم الشخصى | عرابي ، محمد غازي |
| 9 (RLIN) | 17370 |
| 245 ## - بيان العنوان | |
| العنوان | الإنسان الكامل : |
| بقية العنوان | محاورات في الفلسفة الصوفية / |
| بيان المسئوليه,etc | محمد غازي عرابي |
| 260 ## - PUBLICATION, DISTRIBUTION, ETC. (IMPRINT) | |
| مكان الناشر او الموزع | [د.م] : |
| اسم الناشر او الموزع | دار قتيبة ،1987 |
| تاريخ النشر أو التوزيع | 1987. |
| 300 ## - الوصف المادى | |
| التعداد | 254 ص ؛ |
| أبعاد الوعاء | 24 سم. |
| 511 ## - | |
| -- | Catalogued by: Sara |
| 650 ## - المدخل الاضافى بالموضوع-مصطلح موضوعى | |
| مصطلح موضوعي أو اسم جغرافي كعنصر مدخل | الفلسفة الإسلامية |
| 9 (RLIN) | 8788 |
| 650 ## - المدخل الاضافى بالموضوع-مصطلح موضوعى | |
| مصطلح موضوعي أو اسم جغرافي كعنصر مدخل | التصوف الإسلامي |
| 9 (RLIN) | 16733 |
| 942 ## - عناصر المدخل الإضافي( كوها) | |
| Koha [default] item type | Book - Borrowing |
| سابقة رقم الطلب | 189ع ر ا |
| مصدر التصنيف او مخطط الترفيف | Dewey Decimal Classification |
| حالة التراجع | حالة الفقد | مصدر التصنيف او خطة الترفيف | حالة تلف | ليس للاعارة | مجموعات كوها | المكان الدائم | المكان الحالي | موقع الترفيف | تاريخ الاكتساب | Source of acquisition | رقم الاستدعاء | الباركود | Date last seen | مُعار | نوع الوعاء |
|---|---|---|---|---|---|---|---|---|---|---|---|---|---|---|---|
| Dewey Decimal Classification | Alef-Baa | Central Library | Central Library | Lower Floor | 19/02/2008 | 189 ع ر ا | 000009830 | 15/07/2025 | 15/02/2015 | Book - Borrowing |